A Place In This World - Taylor Swift (All Lyrics) - Statistics

General Stats
  • This quiz has been taken 114 times
  • The average score is 195 of 232
Answer Stats
Lyrics % Correct
a
100%
I
100%
in
100%
place
100%
this
100%
Who
100%
world
100%
find
96%
oh,
96%
Oh,
96%
oh
96%
to
96%
trying
96%
Trying
96%
girl
94%
girl,
94%
I'm
94%
just
94%
'Cause
90%
do
90%
know
90%
so
90%
and
88%
And
88%
don't
88%
Don't
88%
it
86%
me
86%
my
86%
on
86%
on,
86%
be
84%
the
84%
want,
84%
what
84%
ask
82%
but
82%
But
82%
out
82%
all
80%
figure
80%
I'll
80%
not
80%
own,
80%
one
78%
only
78%
still
78%
alone,
76%
goes
76%
life
76%
strong,
75%
way
75%
wrong,
75%
that's
73%
road,
71%
yeah
71%
down
69%
ready
69%
mission
67%
walking
67%
what's
65%
okay
63%
blue
61%
jeans
61%
feels
59%
Got
59%
got
59%
Maybe
59%
radio
59%
though
59%
heart
57%
Even
55%
Feeling
55%
fly
55%
mystery,
55%
see
55%
sleeve
55%
need?
53%
wearing
53%
coming
51%
more
51%
old
51%
rain
51%
tell
51%
you
51%
sunshine
49%
tomorrow's
47%
lucky
45%
through
45%
today,
45%
Could
37%
No matching quizzes found
Score Distribution
Percent of People with Each Score
Percentile by Number Answered
Your Score History
You have not taken this quiz